000 00757nam a2200253Ia 4500
003 OSt
005 20220928102203.0
006 a|||||r|||| 00| 0
007 ta
008 220927b |||||||| |||| 00| 0 eng d
020 _c5073.9899999999998
024 _a127391
037 _b365, 13/11/2015, Kiran Book Service
_cTextual
040 _aSDCL
_cSDCL
_beng
041 _2eng
_aeng
082 _aO-3M57w:g, P6
100 _aPeters John G.
_9397019
245 0 _aCambridge introduction to Joseph Conrad
260 _aCambridge
_bCambridge University Press
_c2006
300 _a146p
_ccm.
650 _aEnglish
942 _hO-3M57w:g, P6
_cTEXL
_2CC
999 _c712787
_d712787